000 01269nam a2200277 a 4500
001 2021177
003 AM-YEHGA
005 20260327132819.0
006 ao|||fr|||| 000 0b
007 ta
008 250604s2023 ai o|||fr|||||||||0barm|d
020 _a978-9939-9310-1-2
040 _aAM-YEHGA
041 0 _aarm
100 1 _aԱփինյան, Աբգար Գևորգի,
_d1960-
_92331
245 1 0 _aՀակոբ Կարապենցը և ժամանակակից հայ գրականությունը /
_cԱ.Գ. Ափինյան.
260 2 _aԵրևան :
_bՀամահայկական գրողների միության հրատ.,
_c2023.
300 _a39 էջ ։
_bլուսանկար ;
_c21 սմ.
490 0 _aԺամանակակից գրականագիտական մատենաշար ;
_vՀ
490 0 _a«Ավանդույթները և գեղարվեստական զարգացումը» մատենաշար
504 _aՏողատակերում՝ մատենագիտական ծանոթագրություններ ։
600 1 4 _aԿարապենց, Հակոբ,
_d1925-1994
_93644
600 1 4 _aԿարապենց, Հակոբ,
_d1925-1994
_xՔննադատություն և վերլուծություն
650 1 4 _aՀայ գրողներ
_vԿենսագրություն
942 _2udc
_cBK
999 _c540843
_d540843